<?xml version="1.0" encoding="UTF-8"?>
<collection xmlns="http://www.loc.gov/MARC21/slim">
<record>
  <controlfield tag="001">150106</controlfield>
  <controlfield tag="005">20251017144553.0</controlfield>
  <datafield tag="024" ind1="7" ind2=" ">
    <subfield code="2">doi</subfield>
    <subfield code="a">10.1016/j.jveb.2019.10.012</subfield>
  </datafield>
  <datafield tag="024" ind1="8" ind2=" ">
    <subfield code="2">sideral</subfield>
    <subfield code="a">116568</subfield>
  </datafield>
  <datafield tag="037" ind1=" " ind2=" ">
    <subfield code="a">ART-2020-116568</subfield>
  </datafield>
  <datafield tag="041" ind1=" " ind2=" ">
    <subfield code="a">eng</subfield>
  </datafield>
  <datafield tag="100" ind1=" " ind2=" ">
    <subfield code="a">Valadez-Noriega, M.</subfield>
  </datafield>
  <datafield tag="245" ind1=" " ind2=" ">
    <subfield code="a">Effects of greenhouse roofs on thermal comfort, behavior, health, and finishing performance of commercial zebu steers in cold arid environments</subfield>
  </datafield>
  <datafield tag="260" ind1=" " ind2=" ">
    <subfield code="c">2020</subfield>
  </datafield>
  <datafield tag="506" ind1="0" ind2=" ">
    <subfield code="a">Access copy available to the general public</subfield>
    <subfield code="f">Unrestricted</subfield>
  </datafield>
  <datafield tag="520" ind1="3" ind2=" ">
    <subfield code="a">The aim of this study was to determine the effects of two housing systems (thermal plastic greenhouse roofs—PGR—vs. without roof—PWR) on health, welfare, and finishing performance of zebu steers in cold arid environments. A total of 880 animals were included in the study; these were divided into two independent studies. For the first study, 260 steers were used (effect on steers'' welfare), and for the second study, 620 steers were used (effect on steers'' performance). Steers in the PWR treatment showed a trend of standing during 12:00 to 14:59 h, which was considered the hottest period of the day and the steers that were standing showed a trend for feed intake. On the other hand, the steers in the PGR treatment showed a trend of lying down (P &lt; 0.001) and ruminating (P = 0.031) during the same period of the day; in addition, more steers were drinking in PGR than in PWR treatment. Survival analysis of physical health indicated that the number of healthy steers decreased as the number of days increased; more sick steers were observed in PWR treatment (P &lt; 0.05). Finally, steers in PGR achieved different (P &lt; 0.001) final body weight (599.7 ± 46.4 kg) compared with steers in PWR treatment (569.0 ± 31.6 kg). The steers in PWR showed higher feed intake (P &lt; 0.001); nonetheless, the steers in PGR treatment showed higher average daily gain (P &lt; 0.001) and higher feed conversion efficiency (P &lt; 0.001). Under the winter conditions where the temperatures fluctuated from a high of 33.9°C to a low of -2.7°C, the use of thermal plastic greenhouse roofs demonstrated an improvement of steers’ welfare, health, the average daily gain and feed conversion efficiency.</subfield>
  </datafield>
  <datafield tag="540" ind1=" " ind2=" ">
    <subfield code="9">info:eu-repo/semantics/openAccess</subfield>
    <subfield code="a">All rights reserved</subfield>
    <subfield code="u">http://www.europeana.eu/rights/rr-f/</subfield>
  </datafield>
  <datafield tag="590" ind1=" " ind2=" ">
    <subfield code="a">1.975</subfield>
    <subfield code="b">2020</subfield>
  </datafield>
  <datafield tag="591" ind1=" " ind2=" ">
    <subfield code="a">VETERINARY SCIENCES</subfield>
    <subfield code="b">49 / 146 = 0.336</subfield>
    <subfield code="c">2020</subfield>
    <subfield code="d">Q2</subfield>
    <subfield code="e">T2</subfield>
  </datafield>
  <datafield tag="591" ind1=" " ind2=" ">
    <subfield code="a">BEHAVIORAL SCIENCES</subfield>
    <subfield code="b">44 / 53 = 0.83</subfield>
    <subfield code="c">2020</subfield>
    <subfield code="d">Q4</subfield>
    <subfield code="e">T3</subfield>
  </datafield>
  <datafield tag="592" ind1=" " ind2=" ">
    <subfield code="a">0.628</subfield>
    <subfield code="b">2020</subfield>
  </datafield>
  <datafield tag="593" ind1=" " ind2=" ">
    <subfield code="a">Veterinary (miscellaneous)</subfield>
    <subfield code="c">2020</subfield>
    <subfield code="d">Q1</subfield>
  </datafield>
  <datafield tag="655" ind1=" " ind2="4">
    <subfield code="a">info:eu-repo/semantics/article</subfield>
    <subfield code="v">info:eu-repo/semantics/submittedVersion</subfield>
  </datafield>
  <datafield tag="700" ind1=" " ind2=" ">
    <subfield code="a">Méndez-Gómez-Humarán, M. C.</subfield>
  </datafield>
  <datafield tag="700" ind1=" " ind2=" ">
    <subfield code="a">Rayas-Amor, A.</subfield>
  </datafield>
  <datafield tag="700" ind1=" " ind2=" ">
    <subfield code="a">Sosa-Ferreyra, C.</subfield>
  </datafield>
  <datafield tag="700" ind1=" " ind2=" ">
    <subfield code="a">Galindo, F. M.</subfield>
  </datafield>
  <datafield tag="700" ind1=" " ind2=" ">
    <subfield code="a">Miranda-De la Lama, G. C.</subfield>
    <subfield code="u">Universidad de Zaragoza</subfield>
    <subfield code="0">(orcid)0000-0002-6848-1010</subfield>
  </datafield>
  <datafield tag="710" ind1="2" ind2=" ">
    <subfield code="1">2008</subfield>
    <subfield code="2">700</subfield>
    <subfield code="a">Universidad de Zaragoza</subfield>
    <subfield code="b">Dpto. Produc.Animal Cienc.Ali.</subfield>
    <subfield code="c">Área Producción Animal</subfield>
  </datafield>
  <datafield tag="773" ind1=" " ind2=" ">
    <subfield code="g">35 (2020), 54-61</subfield>
    <subfield code="p">Journal of Veterinary Behavior-Clinical Applications and Research</subfield>
    <subfield code="t">Journal of Veterinary Behavior</subfield>
    <subfield code="x">1558-7878</subfield>
  </datafield>
  <datafield tag="856" ind1="4" ind2=" ">
    <subfield code="s">2387581</subfield>
    <subfield code="u">http://zaguan.unizar.es/record/150106/files/texto_completo.pdf</subfield>
    <subfield code="y">Preprint</subfield>
  </datafield>
  <datafield tag="856" ind1="4" ind2=" ">
    <subfield code="s">1003420</subfield>
    <subfield code="u">http://zaguan.unizar.es/record/150106/files/texto_completo.jpg?subformat=icon</subfield>
    <subfield code="x">icon</subfield>
    <subfield code="y">Preprint</subfield>
  </datafield>
  <datafield tag="909" ind1="C" ind2="O">
    <subfield code="o">oai:zaguan.unizar.es:150106</subfield>
    <subfield code="p">articulos</subfield>
    <subfield code="p">driver</subfield>
  </datafield>
  <datafield tag="951" ind1=" " ind2=" ">
    <subfield code="a">2025-10-17-14:12:18</subfield>
  </datafield>
  <datafield tag="980" ind1=" " ind2=" ">
    <subfield code="a">ARTICLE</subfield>
  </datafield>
</record>
</collection>